{"text_format":"3","workbook":"xlsx","n_sheets":4,"sheets":["Nhu cầu BOG","Nhu cầu Tết","Nhu cầu dự trữ mùa dịch","PHỤ LỤC 2-DOANH NGHIỆP"],"read":"whole","date_system":"1900"}

{"sheet":"Nhu cầu BOG","index":0,"n_rows":29,"n_cols":10,"rows_kept":29,"merged":[[0,1,0,9],[1,0,1,9],[3,0,4,0],[3,1,4,1],[3,2,4,2],[3,3,4,3],[3,4,4,4],[3,5,3,6],[3,7,3,9],[25,0,25,1],[28,0,28,10]]}
[]
[" Lượng dự trữ hàng hóa trong 1 tháng trên tổng số dân"]
[]
["STT","Nhóm hàng","đơn vị tính","Nhu cầu trong 1 tháng/ người","Giá/đvt  (đồng)","Tổng dân số\n (3.220.264 người)",null,"Lượng dự trữ"]
[{"$nulls":5},"Lượng hàng hóa","Thành Tiền (đồng)","Tỷ lệ dự\n trữ so nhu cầu\n (%)","Lượng hàng","Thành tiền \n(đồng)"]
[{"$nulls":3},"I","II","III=I*DS","IV=III*II","V","VI=III*V","VII=VI*II"]
[1,"Gạo tẻ","kg",7.6,{"v":15000,"d":"15,000"},{"$f":"D7*$G$27","v":{"v":24474006.4,"d":"24,474,006"}},{"$f":"F7*E7","v":{"v":367110096000,"d":"367,110,096,000"}},2.5,{"$f":"F7*H7/100","v":{"v":611850.16,"d":"611,850"}},{"$f":"I7*E7","v":{"v":9177752400,"d":"9,177,752,400"}}]
[2,"Thịt heo","kg",1.3499999999999999,{"v":150000,"d":"150,000"},{"$f":"D8*$G$27","v":{"v":4347356.399999999,"d":"4,347,356"}},{"$f":"F8*E8","v":{"v":652103459999.9999,"d":"652,103,460,000"}},{"v":10,"d":"10.0"},{"$f":"F8*H8/100","v":{"v":434735.6399999999,"d":"434,736"}},{"$f":"I8*E8","v":{"v":65210345999.999985,"d":"65,210,346,000"}}]
[3,"Thịt gà","kg",1.5,{"v":50000,"d":"50,000"},{"v":4830396,"d":"4,830,396"},{"v":241519800000,"d":"241,519,800,000"},{"v":5,"d":"5.0"},{"v":241519.8,"d":"241,520"},{"v":12075990000,"d":"12,075,990,000"}]
[4,"Trứng","quả",12,{"v":2500,"d":"2,500"},{"v":38643168,"d":"38,643,168"},{"v":96607920000,"d":"96,607,920,000"},2.5,{"v":966079.2,"d":"966,079"},{"v":2415198000,"d":"2,415,198,000"}]
[5,"Thủy hải sản","kg",1.4,{"v":200000,"d":"200,000"},{"v":4508369.6,"d":"4,508,370"},{"v":901673919999.9999,"d":"901,673,920,000"},2.5,{"v":112709.24,"d":"112,709"},{"v":22541848000,"d":"22,541,848,000"}]
[6,"Rau củ quả","kg",9.6,{"v":35000,"d":"35,000"},{"v":30914534.4,"d":"30,914,534"},{"v":1082008704000,"d":"1,082,008,704,000"},2.5,{"v":772863.36,"d":"772,863"},{"v":27050217600,"d":"27,050,217,600"}]
[7,"Mì gói","Gói",15,{"v":5000,"d":"5,000"},{"v":48303960,"d":"48,303,960"},{"v":241519800000,"d":"241,519,800,000"},2.5,{"v":1207599,"d":"1,207,599"},{"v":6037995000,"d":"6,037,995,000"}]
[8,"Thực phẩm chế biến đóng hộp (từ heo, bò, gà, cá)","kg",1,{"v":100000,"d":"100,000"},{"v":3220264,"d":"3,220,264"},{"v":322026400000,"d":"322,026,400,000"},2.5,{"v":80506.6,"d":"80,507"},{"v":8050660000.000001,"d":"8,050,660,000"}]
[9,"Muối ăn","kg",0.15,{"v":5000,"d":"5,000"},{"v":483039.6,"d":"483,040"},{"v":2415198000,"d":"2,415,198,000"},2.5,{"v":12075.99,"d":"12,076"},{"v":60379950,"d":"60,379,950"}]
[10,"Đường","kg",0.7,{"v":22000,"d":"22,000"},{"v":2254184.8,"d":"2,254,185"},{"v":49592065599.99999,"d":"49,592,065,600"},{"v":3,"d":"3.0"},{"v":67625.544,"d":"67,626"},{"v":1487761967.9999998,"d":"1,487,761,968"}]
[11,"Bột ngọt - Bột nêm","kg",0.3,{"v":70000,"d":"70,000"},{"v":966079.2,"d":"966,079"},{"v":67625544000,"d":"67,625,544,000"},2.5,{"v":24151.98,"d":"24,152"},{"v":1690638600,"d":"1,690,638,600"}]
[12,"Dầu ăn","lít",0.4,{"v":32000,"d":"32,000"},{"v":1288105.6,"d":"1,288,106"},{"v":41219379200,"d":"41,219,379,200"},2.5,{"v":32202.64,"d":"32,203"},{"v":1030484480,"d":"1,030,484,480"}]
[13,"Nước mắm","lít",0.3,{"v":70000,"d":"70,000"},{"v":966079.2,"d":"966,079"},{"v":67625544000,"d":"67,625,544,000"},2.5,{"v":24151.98,"d":"24,152"},{"v":1690638600,"d":"1,690,638,600"}]
[14,"Nước tương","lít",0.3,{"v":28000,"d":"28,000"},{"v":966079.2,"d":"966,079"},{"v":27050217600,"d":"27,050,217,600"},2.5,{"v":24151.98,"d":"24,152"},{"v":676255440,"d":"676,255,440"}]
[15,"Nước đóng chai","lít",60,{"v":10000,"d":"10,000"},{"v":193215840,"d":"193,215,840"},{"v":1932158400000,"d":"1,932,158,400,000"},2.5,{"v":4830396,"d":"4,830,396"},{"v":48303960000,"d":"48,303,960,000"}]
[16,"Khẩu trang vải kháng khuẩn","chiếc",6,{"v":35000,"d":"35,000"},{"v":19321584,"d":"19,321,584"},{"v":676255440000,"d":"676,255,440,000"},2.5,{"v":483039.6,"d":"483,040"},{"v":16906386000,"d":"16,906,386,000"}]
[17,"Nước sát khuẩn","lít",0.2,{"v":210000,"d":"210,000"},{"v":644052.8,"d":"644,053"},{"v":135251088000.00002,"d":"135,251,088,000"},2.5,{"v":16101.32,"d":"16,101"},{"v":3381277200,"d":"3,381,277,200"}]
[18,"Giấy vệ sinh","cuộn",4,{"v":5000,"d":"5,000"},{"v":12881056,"d":"12,881,056"},{"v":64405280000,"d":"64,405,280,000"},2.5,{"v":322026.4,"d":"322,026"},{"v":1610132000,"d":"1,610,132,000"}]
[19,"Sách giáo khoa, vở học sinh",{"$nulls":7},{"v":20000000000,"d":"20,000,000,000"}]
["Tổng",{"$nulls":5},{"$f":"SUM(G7:G25)","v":{"v":6968168256400,"d":"6,968,168,256,400.00"}},null,null,{"$f":"SUM(J8:J25)","v":{"v":240220168838,"d":"240,220,168,838"}}]
[{"$nulls":6},3220264]
[]
["- Giá 01 đơn vị tính được tham khảo giá trị trung bình từ báo giá hàng ngày tại các chợ hạng 1 trên địa bàn tỉnh, báo giá của Công ty TNHH MTV Siêu thị Co.op Mart;\n- Định mức hàng hóa cho 01 người được xác định theo tháp dinh dưỡng của Viện Dinh dưỡng Bộ Y tế và kết quả khảo sát mức sống dân cư năm 2020 (viết gọn là KSMS 2020) được tiến hành theo Quyết định số 1261/QĐ-TCTK ngày 19 tháng 8 năm 2019 của Tổng cục trưởng Tổng cục Thống kê."]

{"sheet":"Nhu cầu Tết","index":1,"n_rows":31,"n_cols":7,"rows_kept":31,"merged":[[1,0,1,6],[3,0,4,0],[3,1,4,1],[3,2,4,2],[3,3,4,3],[3,4,4,4],[3,5,3,6],[26,0,26,1],[30,0,30,6]]}
[]
[" Lượng dự trữ hàng hóa trong  tháng Tết trên tổng số dân"]
[]
["STT","Nhóm hàng","đơn vị tính","Nhu cầu trong tháng tết/ người","Giá/đvt  (đồng)","Tổng dân số\n (3.220.264 người)"]
[{"$nulls":5},"Lượng hàng hóa","Thành Tiền (đồng)"]
[{"$nulls":3},"I","II","III=I*DS","IV=III*II"]
[1,"Gạo tẻ","kg",22.799999999999997,{"v":15000,"d":"15,000"},{"$f":"D7*$G$28","v":{"v":73422019.19999999,"d":"73,422,019"}},{"$f":"F7*E7","v":{"v":1101330287999.9998,"d":"1,101,330,288,000"}}]
[2,"Thịt heo","kg",4.050000000000001,{"v":150000,"d":"150,000"},{"$f":"D8*$G$28","v":{"v":13042069.200000003,"d":"13,042,069"}},{"$f":"F8*E8","v":{"v":1956310380000.0005,"d":"1,956,310,380,000"}}]
[3,"Thịt gà","kg",4.5,{"v":50000,"d":"50,000"},{"v":14491188,"d":"14,491,188"},{"v":724559400000,"d":"724,559,400,000"}]
[4,"Trứng","quả",36,{"v":2500,"d":"2,500"},{"v":115929504,"d":"115,929,504"},{"v":289823760000,"d":"289,823,760,000"}]
[5,"Thủy hải sản","kg",4.199999999999999,{"v":200000,"d":"200,000"},{"v":13525108.799999997,"d":"13,525,109"},{"v":2705021759999.9995,"d":"2,705,021,760,000"}]
[6,"Rau củ quả","kg",28.799999999999997,{"v":35000,"d":"35,000"},{"v":92743603.19999999,"d":"92,743,603"},{"v":3246026111999.9995,"d":"3,246,026,112,000"}]
[7,"Mì gói","Gói",45,{"v":5000,"d":"5,000"},{"v":144911880,"d":"144,911,880"},{"v":724559400000,"d":"724,559,400,000"}]
[8,"Thực phẩm chế biến đóng hộp (từ heo, bò, gà, cá)","kg",3,{"v":100000,"d":"100,000"},{"v":9660792,"d":"9,660,792"},{"v":966079200000,"d":"966,079,200,000"}]
[9,"Muối ăn","kg",0.44999999999999996,{"v":5000,"d":"5,000"},{"v":1449118.7999999998,"d":"1,449,119"},{"v":7245593999.999999,"d":"7,245,594,000"}]
[10,"Đường","kg",2.0999999999999996,{"v":22000,"d":"22,000"},{"v":6762554.3999999985,"d":"6,762,554"},{"v":148776196799.99997,"d":"148,776,196,800"}]
[11,"Bột ngọt - Bột nêm","kg",0.8999999999999999,{"v":70000,"d":"70,000"},{"v":2898237.5999999996,"d":"2,898,238"},{"v":202876631999.99997,"d":"202,876,632,000"}]
[12,"Dầu ăn","lít",1.2000000000000002,{"v":32000,"d":"32,000"},{"v":3864316.8000000007,"d":"3,864,317"},{"v":123658137600.00003,"d":"123,658,137,600"}]
[13,"Nước mắm","lít",0.8999999999999999,{"v":70000,"d":"70,000"},{"v":2898237.5999999996,"d":"2,898,238"},{"v":202876631999.99997,"d":"202,876,632,000"}]
[14,"Nước tương","lít",0.8999999999999999,{"v":28000,"d":"28,000"},{"v":2898237.5999999996,"d":"2,898,238"},{"v":81150652799.99998,"d":"81,150,652,800"}]
[15,"Nước đóng chai","lít",180,{"v":10000,"d":"10,000"},{"v":579647520,"d":"579,647,520"},{"v":5796475200000,"d":"5,796,475,200,000"}]
[16,"Khẩu trang vải kháng khuẩn","chiếc",18,{"v":35000,"d":"35,000"},{"v":57964752,"d":"57,964,752"},{"v":2028766320000,"d":"2,028,766,320,000"}]
[17,"Nước sát khuẩn","lít",0.6000000000000001,{"v":210000,"d":"210,000"},{"v":1932158.4000000004,"d":"1,932,158"},{"v":405753264000.00006,"d":"405,753,264,000"}]
[18,"Giấy vệ sinh","cuộn",12,{"v":5000,"d":"5,000"},{"v":38643168,"d":"38,643,168"},{"v":193215840000,"d":"193,215,840,000"}]
[19,"Bánh kẹo","kg",1,{"v":50000,"d":"50,000"},{"v":3220264,"d":"3,220,264"},{"v":161013200000,"d":"161,013,200,000"}]
[20,"Xăng dầu","lit",30,22000,{"v":96607920,"d":"96,607,920"},{"v":2125374240000,"d":"2,125,374,240,000"}]
["Tổng",{"$nulls":3},{"$f":"SUM(E7:E26)","v":{"v":1116500,"d":"1,116,500"}},null,{"$f":"SUM(G7:G26)","v":{"v":23190892209200,"d":"23,190,892,209,200"}}]
[{"$nulls":6},3220264]
[]
[]
["Ghi chú: Tháng Tết = dự trữ tháng bình thường x 3"]

{"sheet":"Nhu cầu dự trữ mùa dịch","index":2,"n_rows":28,"n_cols":21,"rows_kept":28,"merged":[[1,1,1,11],[2,0,2,18],[27,1,27,11],[28,4,28,12],[29,4,29,14],[30,4,30,15],[31,4,31,15]]}
[]
[null,"\nBảng tổng hợp hàng hóa dự trữ ứng phó với các cấp độ dịch Covid -19 cho toàn tỉnh Đồng Nai (3.220.264 người)"]
[]
[{"$nulls":3},"Dân số:",null,3097100,null,30,{"v":0.3,"d":"30%"},null,null,3220264]
["STT","Nhóm hàng","đơn vị tính","Định mức 01 người/ngày","ĐVT","Định mức 1 người  trong 01 ngày ","Tổng nhu cầu toàn tỉnh trong 01 ngày","Tổng nhu cầu toàn tỉnh trong 01 tháng","Dự ước nhu cầu BOG trong mùa dịch (30% dân số)","Giá 01 đơn vị tính \n(VNĐ)","Tổng giá trị nhu cầu BOG trong nửa tháng\n(VNĐ)","Tổng giá trị nhu cầu BOG trong 01 tháng \n(VNĐ)"]
[{"$nulls":3},"I",null,"(I)","II=I*3220264","III=II*30","IV=III*30%","V","VI=IV*V/2","VII=IV*V"]
[1,"Gạo tẻ","kg",{"v":0.2533333333333333,"d":"0.25"},"Tấn",{"$f":"D7/1000","v":2.5333333333333328E-4},{"$f":"D7*$L$4","v":{"v":815800.2133333333,"d":"815,800"}},{"$f":"G7*$H$4","v":{"v":24474006.4,"d":"24,474,006"}},{"$f":"H7*$I$4","v":{"v":7342201.919999999,"d":"7,342,202"}},{"v":15000,"d":"15,000"},{"$f":"I7*J7/2","v":{"v":55066514399.99999,"d":"55,066,514,400"}},{"$f":"I7*J7","v":{"v":110133028799.99998,"d":"110,133,028,800"}}]
[2,"Thịt heo","kg",{"v":0.045000000000000005,"d":"0.05"},"Tấn",{"$f":"D8/1000","v":4.5e-05},{"$f":"D8*$L$4","v":{"v":144911.88,"d":"144,912"}},{"$f":"G8*$H$4","v":{"v":4347356.4,"d":"4,347,356"}},{"$f":"H8*$I$4","v":{"v":1304206.9200000002,"d":"1,304,207"}},{"v":150000,"d":"150,000"},{"$f":"I8*J8/2","v":{"v":97815519000.00002,"d":"97,815,519,000"}},{"$f":"I8*J8","v":{"v":195631038000.00003,"d":"195,631,038,000"}}]
[3,"Thịt gà","kg",0.05,"Tấn",5e-05,{"v":161013.2,"d":"161,013"},{"v":4830396,"d":"4,830,396"},{"v":1449118.8,"d":"1,449,119"},{"v":50000,"d":"50,000"},{"v":36227970000,"d":"36,227,970,000"},{"v":72455940000,"d":"72,455,940,000"}]
[4,"Trứng","quả",{"v":0.4,"d":"0.40"},"1000 quả",0.0004,{"v":1288105.6,"d":"1,288,106"},{"v":38643168,"d":"38,643,168"},{"v":11592950.4,"d":"11,592,950"},{"v":2500,"d":"2,500"},{"v":14491188000,"d":"14,491,188,000"},{"v":28982376000,"d":"28,982,376,000"}]
[5,"Thủy hải sản","kg",{"v":0.04666666666666666,"d":"0.05"},"Tấn",4.6666666666666665E-5,{"v":150278.98666666666,"d":"150,279"},{"v":4508369.6,"d":"4,508,370"},{"v":1352510.88,"d":"1,352,511"},{"v":200000,"d":"200,000"},{"v":135251087999.99998,"d":"135,251,088,000"},{"v":270502175999.99997,"d":"270,502,176,000"}]
[6,"Rau củ quả","kg",0.32,"Tấn",0.00032,{"v":1030484.48,"d":"1,030,484"},{"v":30914534.4,"d":"30,914,534"},{"v":9274360.319999998,"d":"9,274,360"},{"v":35000,"d":"35,000"},{"v":162301305599.99997,"d":"162,301,305,600"},{"v":324602611199.99994,"d":"324,602,611,200"}]
[7,"Mì tôm","Gói",{"v":2,"d":"2.00"},"gói",2,{"v":6440528,"d":"6,440,528"},{"v":193215840,"d":"193,215,840"},{"v":57964752,"d":"57,964,752"},{"v":5000,"d":"5,000"},{"v":144911880000,"d":"144,911,880,000"},{"v":289823760000,"d":"289,823,760,000"}]
[8,"Thực phẩm chế biến đóng hộp (từ heo, bò, gà, cá)","kg",{"v":0.03333333333333333,"d":"0.03"},null,null,{"v":107342.13333333333,"d":"107,342"},{"v":3220264,"d":"3,220,264"},{"v":966079.2,"d":"966,079"},{"v":5000,"d":"5,000"},{"v":2415198000,"d":"2,415,198,000"},{"v":4830396000,"d":"4,830,396,000"}]
[9,"Muối ăn","kg",{"v":0.005,"d":"0.01"},"Tấn",5e-06,{"v":16101.32,"d":"16,101"},{"v":483039.6,"d":"483,040"},{"v":144911.87999999998,"d":"144,912"},{"v":5000,"d":"5,000"},{"v":362279699.99999994,"d":"362,279,700"},{"v":724559399.9999999,"d":"724,559,400"}]
[10,"Đường","kg",{"v":0.02333333333333333,"d":"0.02"},null,2.3333333333333332E-5,{"v":75139.49333333333,"d":"75,139"},{"v":2254184.8,"d":"2,254,185"},{"v":676255.44,"d":"676,255"},{"v":22000,"d":"22,000"},{"v":7438809839.999999,"d":"7,438,809,840"},{"v":14877619679.999998,"d":"14,877,619,680"}]
[11,"Bột ngọt - Bột nêm","kg",0.01,null,1e-05,{"v":32202.64,"d":"32,203"},{"v":966079.2,"d":"966,079"},{"v":289823.75999999995,"d":"289,824"},{"v":70000,"d":"70,000"},{"v":10143831599.999998,"d":"10,143,831,600"},{"v":20287663199.999996,"d":"20,287,663,200"}]
[12,"Dầu ăn","lít",{"v":0.013333333333333334,"d":"0.01"},"m3",1.3333333333333335E-5,{"v":42936.85333333333,"d":"42,937"},{"v":1288105.6,"d":"1,288,106"},{"v":386431.68,"d":"386,432"},{"v":32000,"d":"32,000"},{"v":6182906880,"d":"6,182,906,880"},{"v":12365813760,"d":"12,365,813,760"},{"$nulls":8}," giá 1 lít là 40k"]
[13,"Nước mắm","lít",0.01,null,1e-05,{"v":32202.64,"d":"32,203"},{"v":966079.2,"d":"966,079"},{"v":289823.75999999995,"d":"289,824"},{"v":70000,"d":"70,000"},{"v":10143831599.999998,"d":"10,143,831,600"},{"v":20287663199.999996,"d":"20,287,663,200"}]
[14,"Nước tương","lít",0.01,null,null,{"v":32202.64,"d":"32,203"},{"v":966079.2,"d":"966,079"},{"v":289823.75999999995,"d":"289,824"},{"v":28000,"d":"28,000"},{"v":4057532639.9999995,"d":"4,057,532,640"},{"v":8115065279.999999,"d":"8,115,065,280"}]
[15,"Nước đóng chai","lít",{"v":2,"d":"2.00"},"m3",2E-3,{"v":6440528,"d":"6,440,528"},{"v":193215840,"d":"193,215,840"},{"v":57964752,"d":"57,964,752"},{"v":10000,"d":"10,000"},{"v":289823760000,"d":"289,823,760,000"},{"v":579647520000,"d":"579,647,520,000"},{"$nulls":8},"giá 1 lita là"]
[16,"Khẩu trang vải kháng khuẩn","chiếc",{"v":0.2,"d":"0.20"},"chiếc",3,{"v":644052.8,"d":"644,053"},{"v":19321584,"d":"19,321,584"},{"v":5796475.2,"d":"5,796,475"},{"v":35000,"d":"35,000"},{"v":101438316000,"d":"101,438,316,000"},{"v":202876632000,"d":"202,876,632,000"}]
[17,"Nước sát khuẩn","lít",{"v":0.006666666666666667,"d":"0.01"},"lít",6.6666666666666675E-6,{"v":21468.426666666666,"d":"21,468"},{"v":644052.8,"d":"644,053"},{"v":193215.84,"d":"193,216"},{"v":210000,"d":"210,000"},{"v":20287663200,"d":"20,287,663,200"},{"v":40575326400,"d":"40,575,326,400"}]
[18,"Giấy vệ sinh","cuộn",{"v":0.13333333333333333,"d":"0.13"},"cuộn",2,{"v":429368.5333333333,"d":"429,369"},{"v":12881056,"d":"12,881,056"},{"v":3864316.8,"d":"3,864,317"},{"v":5000,"d":"5,000"},{"v":9660792000,"d":"9,660,792,000"},{"v":19321584000,"d":"19,321,584,000"}]
[null,"Tổng",{"$nulls":8},{"$f":"SUM(K7:K24)","v":{"v":1108020386460,"d":"1,108,020,386,460"}},{"$f":"SUM(L7:L24)","v":{"v":2216040772920,"d":"2,216,040,772,920"}}]
[]
[null,"Ghi chú:"]
[null,"- Giá 01 đơn vị tính được tham khảo giá trị trung bình từ báo giá hàng ngày tại các chợ hạng 1 trên địa bàn tỉnh, báo giá của Công ty TNHH MTV Siêu thị Co.op Mart;\n- Định mức hàng hóa cho 01 người được xác định theo tháp dinh dưỡng của Viện Dinh dưỡng Bộ Y tế và kết quả khảo sát mức sống dân cư năm 2020 (viết gọn là KSMS 2020) được tiến hành theo Quyết định số 1261/QĐ-TCTK ngày 19 tháng 8 năm 2019 của Tổng cục trưởng Tổng cục Thống kê."]

{"sheet":"PHỤ LỤC 2-DOANH NGHIỆP","index":3,"n_rows":34,"n_cols":12,"rows_kept":34,"merged":[[1,0,1,7],[2,0,2,7],[4,0,5,0],[4,1,5,1],[4,2,5,2],[4,4,4,5],[4,6,4,7],[4,8,4,9],[4,10,4,11],[28,0,28,1],[32,0,32,7],[33,7,33,9]]}
[{"$nulls":6},"Phụ lục 2"]
[" Lượng dự trữ hàng hóa dự trữ phục vụ Tết Nguyên đán và tình huống thiên tai, dịch bệnh"]
["Đơn vị báo cáo:\nCông ty… / Siêu thị…./ HTX…..\nThông tin liên hệ: (Địa chỉ, số điện thoại, tên người liên hệ…) "]
[]
["STT","Nhóm hàng","đơn vị tính","Đơn giá (đồng)","Dự trữ theo Kế hoạch BOG trong 01 tháng",null,"Dự trữ phục vụ Tết",null,"Dự trữ tăng cường trong tình huống thiên tai, dịch bệnh",null,"Dự trữ tăng cường trong tình huống thiên tai, dịch bệnh"]
[{"$nulls":4},"Lượng hàng hóa","Thành Tiền (đồng)","Lượng hàng hóa","Thành Tiền (đồng)","Lượng hàng hóa","Thành Tiền (đồng)","Lượng hàng hóa","Thành Tiền (đồng)"]
[{"$nulls":3},"I","II","III=I*II","IV","V=I*IV","VI","VII=I*VI","VIII=II+IV+VI","IX=III+V+VII"]
[1,"Gạo tẻ","kg",{"v":15000,"d":"15,000"}]
[2,"Thịt heo","kg",{"v":150000,"d":"150,000"}]
[3,"Thịt gà","kg",{"v":50000,"d":"50,000"}]
[4,"Trứng","quả",{"v":2500,"d":"2,500"}]
[5,"Thủy hải sản","kg",{"v":200000,"d":"200,000"}]
[6,"Rau củ quả","kg",{"v":35000,"d":"35,000"}]
[7,"Mì gói","Gói",{"v":5000,"d":"5,000"}]
[8,"Thực phẩm chế biến đóng hộp (từ heo, bò, gà, cá)","kg",{"v":100000,"d":"100,000"}]
[9,"Muối ăn","kg",{"v":5000,"d":"5,000"}]
[10,"Đường","kg",{"v":22000,"d":"22,000"}]
[11,"Bột ngọt - Bột nêm","kg",{"v":70000,"d":"70,000"}]
[12,"Dầu ăn","lít",{"v":32000,"d":"32,000"}]
[13,"Nước mắm","lít",{"v":70000,"d":"70,000"}]
[14,"Nước tương","lít",{"v":28000,"d":"28,000"}]
[15,"Nước đóng chai","lít",{"v":10000,"d":"10,000"}]
[16,"Khẩu trang vải kháng khuẩn","chiếc",{"v":35000,"d":"35,000"}]
[17,"Nước sát khuẩn","lít",{"v":210000,"d":"210,000"}]
[18,"Giấy vệ sinh","cuộn",{"v":5000,"d":"5,000"}]
[19,"Bánh kẹo","kg",{"v":50000,"d":"50,000"}]
[20,"Xăng dầu","lit",22000]
[null,"Các mặt hàng thiết yếu khác "]
["Tổng",{"$nulls":3},{"$f":"SUM(E8:E27)","v":0},{"$f":"SUM(F8:F27)","v":0},{"$f":"SUM(G8:G27)","v":0},0,{"$f":"SUM(I8:I27)","v":0},{"$f":"SUM(J8:J27)","v":0},{"$f":"SUM(K8:K27)","v":0},{"$f":"SUM(L8:L27)","v":0}]
[{"$nulls":7},3220264]
[]
[]
["Ghi chú: Tháng Tết = dự trữ tháng bình thường x 3"]
[{"$nulls":7},"ĐẠI DIỆN DOANH NGHIỆP/HKD/HTX….\n(Ký, ghi rõ họ tên, đóng dấu)"]